Statistics for Capitals of the Americas Containing Words #2

Click here to take the quiz!

General Stats

  • This quiz has been taken 69 times
  • The average score is 11 of 18

Answer Stats

WordCapital City% Correct
townBridgetown, Kingstown
92%
princePort-au-Prince
90%
ridgeBridgetown
83%
castCastries
81%
bassBasseterre
79%
parParamaribo
73%
airBuenos Aires
69%
manManagua
69%
mopBelmopan
67%
agoSantiago
67%
shinWashington
67%
gotBogota
65%
sunAsuncion
52%
ashWashington
52%
ribParamaribo
48%
vanHavana
42%
getBridgetown
27%
seaRoseau
25%

Score Distribution

Percentile by Number Answered

Percent of People with Each Score

Your Score History

You have not taken this quiz